000 00316nam a2200133Ia 4500
008 151001s9999||||xx |||||||||||||| ||und||
100 _aरंजन कंधारकर
245 _aस्वधा
250 _a1
260 _bगणपती
260 _c2006
300 _a144
365 _b18
999 _c993501
_d993498